| 000 | 00498nam a22001817a 4500 | ||
|---|---|---|---|
| 999 |
_c5904 _d5904 |
||
| 003 | AR-CdUCM | ||
| 008 | 190313b ||||| |||| 00| 0 spa d | ||
| 040 |
_aMUNICIPALIDAD PROVINCIAL DEL CUSCO _cBIBLIOTECA MUNICIPAL DEL CUSCO |
||
| 082 |
_a869.58 / _bV18 |
||
| 100 |
_aValcarcel, Gustavo _9737 |
||
| 245 | _a5 poemas sin fin / | ||
| 260 |
_aLima : _bPerú Nuevo, _c1959. |
||
| 300 |
_a16 páginas ; _c18 cm. |
||
| 505 | _aPoemas. | ||
| 650 |
_aPoemas. _9929 |
||
| 942 |
_2ddc _cLIBROS |
||
| 945 | _awfj | ||